Statistics for Guess the 1970s song lyrics #243

Click here to take the quiz!

General Stats

  • This quiz has been taken 5 times
  • The average score is 113 of 167

Answer Stats

Answer% Correct
a
100%
All
100%
at
100%
Do
100%
do
100%
does
100%
Does
100%
her
100%
I
100%
it
100%
it's
100%
I've
100%
me
100%
my
100%
the
100%
think
100%
to
100%
up
100%
When
100%
you
100%
you're
100%
And
80%
are
80%
cold
80%
How
80%
I'm
80%
just
80%
know
80%
love
80%
night
80%
really
80%
she
80%
she's
80%
we're
80%
been
60%
But
60%
gone
60%
Gotta
60%
hope
60%
is
60%
keep
60%
Like
60%
over
60%
Well
60%
would
60%
above
40%
around
40%
back
40%
because
40%
city
40%
feeling
40%
find
40%
Honey
40%
man
40%
sky
40%
stars
40%
warm
40%
alright
20%
awful
20%
blame
20%
bright
20%
clearing
20%
clouds
20%
crazy
20%
Daisy
20%
ease
20%
Everything's
20%
Flyin
20%
game
20%
glad
20%
guess
20%
Jane
20%
left
20%
Memphis
20%
oven
20%
pain
20%
picking
20%
playing
20%
roam
20%
same
20%
sane
20%
storm
20%
summer's
20%
Thinking
20%

Score Distribution

Percentile by Number Answered

Percent of People with Each Score

Your Score History

You have not taken this quiz